[Event "7. Lichtenberger Sommer"]
[Site "Berlin"]
[Date "2008.08.19"]
[Round "4.52"]
[White "Dietzel, Uwe"]
[Black "Mager, Thomas"]
[Result "1/2-1/2"]
[WhiteElo "1532"]
[BlackElo "1901"]
[PlyCount "80"]
[EventDate "2008.??.??"]
[WhiteTeam "TSV Lichtentanne SAbt"]
[BlackTeam "SK 1929 Mainaschaff"]

1. Nf3 Nf6 2. e3 g6 3. b3 Bg7 4. Bb2 O-O 5. Be2 d5 6. Ne5 c5 7. O-O Nc6 8. Nxc6
bxc6 9. c4 d4 10. d3 e5 11. e4 Ne8 12. Bf3 Nc7 13. Nd2 Ne6 14. g3 Bd7 15. Bg2
Ng5 16. h4 Ne6 17. Re1 Nc7 18. Qe2 Na6 19. a3 Rb8 20. Reb1 f5 21. exf5 Rxf5 22.
Be4 Rf7 23. Bc1 Qc7 24. Nf1 Rbf8 25. f3 Bf5 26. Nh2 Nb8 27. Bd2 Nd7 28. Rf1
Bxe4 29. fxe4 Nf6 30. g4 Qb8 31. b4 cxb4 32. Bxb4 Rc8 33. g5 Nh5 34. Rxf7 Kxf7
35. Rf1+ Kg8 36. Qg4 c5 37. Bd2 Re8 38. Qd7 Qc8 39. Qxc8 Rxc8 40. Rb1 Rc7
1/2-1/2

[Event "7. Lichtenberger Sommer"]
[Site "Berlin"]
[Date "2008.08.19"]
[Round "4.54"]
[White "Reiche, Henry"]
[Black "Winter, Juergen"]
[Result "1-0"]
[WhiteElo "2015"]
[BlackElo "1416"]
[PlyCount "117"]
[EventDate "2008.??.??"]
[WhiteTeam "SV Berolina Mitte e.V."]
[BlackTeam "SC Rochade Müncheberg"]

1. e4 e5 2. Nf3 Nc6 3. d4 exd4 4. Nxd4 Nxd4 5. Qxd4 c5 6. Qd1 d6 7. Bb5+ Bd7 8.
Bxd7+ Qxd7 9. O-O Be7 10. c4 Rd8 11. Nc3 Nf6 12. f3 h6 13. h3 a6 14. a4 O-O 15.
Bf4 Qe6 16. b3 Nh5 17. Bh2 Bf6 18. Rc1 Bd4+ 19. Kh1 Be5 20. Nd5 Bxh2 21. Kxh2
Nf6 22. Re1 Nxd5 23. exd5 Qd7 24. Qd2 Rfe8 25. a5 Rxe1 26. Rxe1 Kf8 27. b4 cxb4
28. Qxb4 Re8 29. Rxe8+ Kxe8 30. c5 dxc5 31. Qxc5 Qb5 32. Qc8+ Ke7 33. Qc7+ Qd7
34. Qe5+ Kf8 35. d6 f6 36. Qd4 Qc6 37. f4 Qd7 38. f5 Qc6 39. h4 Qd7 40. g4 Qc6
41. Qd1 Qc3 42. Kg2 Ke8 43. Kf2 Kd7 44. Qd5 Qb2+ 45. Ke3 Qe5+ 46. Qxe5 fxe5 47.
g5 hxg5 48. f6 gxf6 49. h5 Kxd6 50. h6 Ke6 51. h7 g4 52. h8=Q f5 53. Qc8+ Kf6
54. Qxb7 f4+ 55. Ke4 f3 56. Qxa6+ Kg5 57. Qf1 Kh4 58. Qf2+ Kh3 59. Kxe5 1-0

[Event "7. Lichtenberger Sommer"]
[Site "Berlin"]
[Date "2008.08.19"]
[Round "4.55"]
[White "Kiessling, Beate"]
[Black "Rozov, Boris"]
[Result "1-0"]
[WhiteElo "1692"]
[BlackElo "2155"]
[PlyCount "89"]
[EventDate "2008.??.??"]
[WhiteTeam "Queer-Springer SSV Berlin"]
[BlackTeam "SV Dresden-Leuben"]

1. d4 Nf6 2. Nf3 d5 3. e3 Bf5 4. Bd3 Bg6 5. Ne5 e6 6. Nd2 c5 7. Nxg6 hxg6 8. c3
Nc6 9. Qe2 Qc7 10. h3 Bd6 11. dxc5 Bxc5 12. b4 Be7 13. Bb2 Rd8 14. Rc1 Kf8 15.
Bc2 e5 16. b5 Na5 17. c4 Bb4 18. O-O Bxd2 19. Qxd2 Nxc4 20. Qb4+ Qe7 21. Bc3
Qxb4 22. Bxb4+ Kg8 23. Bb3 Rc8 24. Rc2 a6 25. bxa6 bxa6 26. Rfc1 Rh4 27. f3 Nd7
28. e4 Rb8 29. Be1 Rh6 30. Bxc4 dxc4 31. Rxc4 g5 32. Bd2 Rb2 33. Rc8+ Kh7 34.
R8c2 Rb5 35. a4 Rb3 36. Rc6 Ra3 37. a5 Ra2 38. Be1 Rf6 39. Rxf6 Nxf6 40. Rc6
Nh5 41. Rxa6 Ra1 42. Kf2 Ra2+ 43. Kf1 Ra1 44. Rd6 Ng3+ 45. Kf2 1-0

[Event "7. Lichtenberger Sommer"]
[Site "Berlin"]
[Date "2008.08.19"]
[Round "4.56"]
[White "Kleine, Peter"]
[Black "Sabrowski, Uwe"]
[Result "1-0"]
[WhiteElo "1903"]
[BlackElo "2142"]
[PlyCount "51"]
[EventDate "2008.??.??"]
[WhiteTeam "SV Berlin-Friedrichstadt"]
[BlackTeam "TSG Oberschöneweide e.V."]

1. c4 f5 2. d4 Nf6 3. Nc3 g6 4. g3 Bg7 5. Bg2 d6 6. Nh3 O-O 7. O-O Qe8 8. e3 c6
9. Bd2 e5 10. Ne2 h6 11. Qc1 g5 12. Kh1 Qh5 13. Nhg1 Ng4 14. h3 Nd7 15. Bb4 c5
16. Bc3 Ndf6 17. dxc5 dxc5 18. f3 f4 19. fxg4 Bxg4 20. Qc2 f3 21. Nxf3 Bxh3 22.
Bxh3 Qxh3+ 23. Nh2 Ng4 24. Ng1 Qh5 25. Qe2 Rad8 26. Qxg4 1-0

[Event "7. Lichtenberger Sommer"]
[Site "Berlin"]
[Date "2008.08.19"]
[Round "4.57"]
[White "Schweitzer, Paul"]
[Black "Buehler, Florian"]
[Result "0-1"]
[WhiteElo "1829"]
[BlackElo "1992"]
[PlyCount "134"]
[EventDate "2008.??.??"]
[WhiteTeam "SV Königsjäger Süd-West e.V."]
[BlackTeam "Spgem Kötz/Ichenhausen"]

1. d4 f5 2. c3 Nf6 3. Bg5 Ne4 4. Be3 e6 5. g3 d5 6. f3 Nf6 7. Nd2 Bd6 8. Qb3
O-O 9. Bg2 a5 10. a4 Na6 11. Bf2 c5 12. e3 Qc7 13. Nh3 cxd4 14. exd4 f4 15. g4
Qe7 16. O-O Kh8 17. Rfe1 Bd7 18. Bh4 Rfe8 19. Qc2 Qf8 20. Bf1 h6 21. Bb5 g5 22.
Bf2 Qf7 23. Bd3 Rg8 24. Re5 Rg7 25. Rae1 Bxe5 26. dxe5 Ng8 27. Bd4 Ne7 28. Bb5
Nc6 29. Bf2 Nc7 30. b3 Rc8 31. Qd3 Qe7 32. Re2 Nb8 33. Bd4 Bxb5 34. axb5 Nd7
35. c4 b6 36. Nf2 Nc5 37. Qb1 Rd8 38. Bc3 Qd7 39. Bd4 Qe7 40. Qa1 Ra8 41. Qa2
Rgg8 42. Qb1 Qh7 43. Qb2 Nd3 44. Qc3 Nxf2 45. Kxf2 Rgc8 46. Qb2 Rab8 47. Nf1
Rd8 48. Rd2 Ne8 49. h3 Qc7 50. Rc2 Rbc8 51. Qa3 Ng7 52. Qa1 Qb7 53. h4 Rd7 54.
Qc3 a4 55. hxg5 hxg5 56. c5 bxc5 57. Bxc5 axb3 58. Qxb3 Rdc7 59. Qb4 Rxc5 60.
Rb2 Qb6 61. Kg2 Rc2+ 62. Nd2 Rxb2 63. Qxb2 Rc5 64. Kh3 Qxb5 65. Qa3 Rc2 66. Qa7
Qe8 67. Qa4 Qxa4 0-1

[Event "7. Lichtenberger Sommer"]
[Site "Berlin"]
[Date "2008.08.19"]
[Round "4.58"]
[White "Sawlin, Leonid"]
[Black "Windolf, Mario"]
[Result "0-1"]
[WhiteElo "1872"]
[BlackElo "1839"]
[PlyCount "124"]
[EventDate "2008.??.??"]
[WhiteTeam "TuS Makkabi Berlin e.V."]
[BlackTeam "1. Schachclub Anhalt"]

1. e4 e6 2. d4 d5 3. Nc3 Nf6 4. Bg5 Be7 5. e5 Nfd7 6. h4 a6 7. f4 c5 8. Nf3 Nc6
9. Ne2 f6 10. exf6 Nxf6 11. c3 cxd4 12. cxd4 Ne4 13. Bxe7 Qxe7 14. a3 Qf6 15.
Ne5 Bd7 16. Qb3 b5 17. O-O-O Nf2 18. Rh2 Nxd1 19. Qxd1 Rc8 20. Kb1 Nxe5 21.
dxe5 Qf5+ 22. Ka2 O-O 23. g3 Qc2 24. Qd4 Qc4+ 25. Qxc4 Rxc4 26. Nc3 Rc7 27. Bh3
Rfc8 28. Kb3 Kf8 29. Re2 a5 30. h5 d4 31. Ne4 d3 32. Rd2 Bc6 33. Nc3 Ke7 34.
Rxd3 Rd7 35. Re3 g6 36. h6 Bd5+ 37. Nxd5+ Rxd5 38. Bg2 Rd4 39. Bf1 b4 40. a4
Rd2 41. Bd3 Rh2 42. Re2 Rxh6 43. Be4 Rh3 44. Rg2 Kf7 45. Bb7 Rc7 46. Be4 h6 47.
Ka2 Rc5 48. g4 g5 49. fxg5 hxg5 50. Re2 b3+ 51. Ka3 Rc1 52. Rf2+ Ke7 53. Rf3
Rxf3 54. Bxf3 Re1 55. Bc6 Re3 56. Bb5 Rxe5 57. Kxb3 Re4 58. Kc3 Rxg4 59. Bc4
Kd6 60. b3 e5 61. Kd3 Kc5 62. Ke3 Rxc4 0-1

[Event "7. Lichtenberger Sommer"]
[Site "Berlin"]
[Date "2008.08.19"]
[Round "4.59"]
[White "Eberlein, Johann"]
[Black "Bergmann, Jens"]
[Result "1-0"]
[WhiteElo "1941"]
[BlackElo "1625"]
[PlyCount "105"]
[EventDate "2008.??.??"]
[WhiteTeam "BSV 63 Chemie Weißensee"]
[BlackTeam "SK Tempelhof 1931 e.V."]

1. d4 Nf6 2. c4 e6 3. Nf3 d5 4. Nc3 Be7 5. Bg5 O-O 6. e3 c6 7. Rc1 Nbd7 8. Qc2
h6 9. Bh4 Nh5 10. Bxe7 Qxe7 11. Ne5 Nxe5 12. dxe5 g6 13. Bd3 Qg5 14. f4 Qh4+
15. Qf2 Qxf2+ 16. Kxf2 Rd8 17. Rhd1 Kf8 18. Ne2 Ke7 19. b4 Bd7 20. Nd4 Rac8 21.
c5 g5 22. g3 f6 23. Nf3 fxe5 24. fxe5 Ng7 25. g4 Rf8 26. Kg3 Ne8 27. h4 gxh4+
28. Nxh4 Kf7 29. Ng6 Nc7 30. Nxf8 Rxf8 31. Rh1 Kg7 32. Rh2 Be8 33. Rch1 Rh8 34.
g5 h5 35. Be2 Bg6 36. Bxh5 Be4 37. Bf3 Rxh2 38. Rxh2 Bb1 39. Kf4 Nb5 40. Bg4
Nc7 41. Rf2 Be4 42. Kg3 Bg6 43. Kh4 Bf7 44. Rf6 Ne8 45. Bxe6 Bg6 46. Bf5 Bf7
47. g6 Bg8 48. Kg5 d4 49. exd4 Nc7 50. a3 Nb5 51. Be6 Nxd4 52. Bxg8 Kxg8 53. e6
1-0

[Event "7. Lichtenberger Sommer"]
[Site "Berlin"]
[Date "2008.08.19"]
[Round "4.60"]
[White "Thonig, Manfred"]
[Black "Baranowsky, Peter"]
[Result "0-1"]
[WhiteElo "1728"]
[BlackElo "1836"]
[PlyCount "73"]
[EventDate "2008.??.??"]
[WhiteTeam "SC Starnberg"]
[BlackTeam "BA Tempelhof"]

1. f4 d5 2. Nf3 c5 3. e3 Nf6 4. Be2 Nc6 5. d4 e6 6. c3 Bd6 7. O-O O-O 8. Ne5 a6
9. Nd2 Qe7 10. Ndf3 Ne4 11. Nxc6 bxc6 12. Ne5 Bb7 13. Qa4 Rfc8 14. Rf3 Rc7 15.
Rh3 f6 16. Ng4 e5 17. Qc2 Re8 18. dxe5 fxe5 19. f5 Bc8 20. f6 Nxf6 21. Nxf6+
gxf6 22. Rg3+ Kh8 23. e4 Rg8 24. Rxg8+ Kxg8 25. Bh6 f5 26. exd5 Qh4 27. Qd2 f4
28. dxc6 Qxh6 29. Bc4+ Kh8 30. Rf1 Rg7 31. Kh1 e4 32. Rd1 Qg6 33. Bd5 f3 34. g3
Bh3 35. Qe3 Bxg3 36. hxg3 Qxg3 37. Re1 0-1

[Event "7. Lichtenberger Sommer"]
[Site "Berlin"]
[Date "2008.08.19"]
[Round "4.61"]
[White "Grillich, Alexander"]
[Black "Nekrasova, Kateryna"]
[Result "1-0"]
[WhiteElo "2032"]
[BlackElo "1788"]
[PlyCount "63"]
[EventDate "2008.??.??"]
[WhiteTeam "SC Rochade e.V."]
[BlackTeam "SV Empor Berlin e.V."]

1. e4 c6 2. d4 d5 3. exd5 cxd5 4. Nf3 Nc6 5. Bd3 g6 6. O-O Bg7 7. c3 Nh6 8. Re1
O-O 9. Nbd2 f6 10. Nf1 Nf7 11. Ne3 e5 12. dxe5 fxe5 13. Bb5 e4 14. Bxc6 bxc6
15. Nd4 Qf6 16. Ng4 Bxg4 17. Qxg4 Rae8 18. Be3 Ne5 19. Qe2 Nd3 20. Rf1 c5 21.
Nb3 Qe7 22. Rad1 Rd8 23. Nc1 c4 24. Nxd3 exd3 25. Qg4 Qd7 26. Qh4 d4 27. cxd4
Bxd4 28. b3 Qd5 29. bxc4 Qxc4 30. Rc1 Qb4 31. Rc7 Rfe8 32. Qxh7+ 1-0

[Event "7. Lichtenberger Sommer"]
[Site "Berlin"]
[Date "2008.08.19"]
[Round "4.62"]
[White "Mai, Andreas"]
[Black "Ollek, Karl-Heinz"]
[Result "1-0"]
[WhiteElo "1899"]
[BlackElo "1861"]
[PlyCount "59"]
[EventDate "2008.??.??"]
[WhiteTeam "SC Friesen Lichtenberg e.V."]
[BlackTeam "SC Friesen Lichtenberg e.V."]

1. e4 c5 2. Nf3 g6 3. c3 Bg7 4. d4 cxd4 5. cxd4 Nf6 6. Nc3 O-O 7. Bc4 d6 8. O-O
a6 9. Qe2 b5 10. Bb3 Bb7 11. e5 dxe5 12. dxe5 Nd5 13. Nxd5 Bxd5 14. Rd1 e6 15.
Bxd5 exd5 16. Bg5 Qe8 17. Rxd5 Nc6 18. Re1 Ne7 19. Bxe7 Qxe7 20. Nd4 Qb7 21.
Rc5 Rfe8 22. Nc6 Bf8 23. Rc2 Rac8 24. Qf3 b4 25. Rec1 Qa8 26. h3 a5 27. b3 Rc7
28. Qd5 Bh6 29. Re1 Re6 30. Ne7+ 1-0

[Event "7. Lichtenberger Sommer"]
[Site "Berlin"]
[Date "2008.08.19"]
[Round "4.64"]
[White "Walter, Guenter"]
[Black "Schneider, Eckehard"]
[Result "1-0"]
[WhiteElo "2082"]
[BlackElo "1802"]
[PlyCount "41"]
[EventDate "2008.??.??"]
[WhiteTeam "TSG Oberschöneweide e.V."]
[BlackTeam "Sfrd. Berlin 1903 e.V."]

1. e4 e6 2. d4 d5 3. Nc3 Nf6 4. Bg5 Bb4 5. Nge2 dxe4 6. a3 Be7 7. Bxf6 Bxf6 8.
Nxe4 Be7 9. g3 Nd7 10. Bg2 Nf6 11. Qd3 Nxe4 12. Bxe4 Rb8 13. Rd1 f5 14. Bg2 O-O
15. Qb3 c6 16. Bxc6 Bd7 17. Bxd7 Qxd7 18. Nf4 Kh8 19. O-O Rf6 20. Rfe1 Re8 21.
Rxe6 1-0

[Event "7. Lichtenberger Sommer"]
[Site "Berlin"]
[Date "2008.08.19"]
[Round "4.65"]
[White "Kopmann, Jens"]
[Black "Mako, Atila"]
[Result "1-0"]
[WhiteElo "1967"]
[BlackElo "1794"]
[PlyCount "103"]
[EventDate "2008.??.??"]
[WhiteTeam "USV Potsdam e.V., Abt. Schach"]
[BlackTeam "BSC Rehberge 1945 e.V."]

1. d4 d5 2. c4 c6 3. Nc3 e6 4. Nf3 Nf6 5. Bg5 Be7 6. e3 Bd7 7. c5 b6 8. b4 O-O
9. Bd3 Be8 10. O-O Nfd7 11. Bf4 f5 12. Qa4 b5 13. Qb3 Nf6 14. a4 a6 15. axb5
cxb5 16. Nxb5 a5 17. Nc7 a4 18. Qc2 Ra7 19. Nxe6 Qc8 20. Nxf8 Bxf8 21. b5 Ne4
22. Rxa4 Rxa4 23. Qxa4 Be7 24. Bxe4 fxe4 25. Ne5 g5 26. Bg3 h5 27. Qa7 Kf8 28.
c6 h4 29. c7 Nd7 30. Nxd7+ Bxd7 31. Qb8 hxg3 32. fxg3+ Ke8 33. b6 Bd6 34. b7
Qxb8 35. cxb8=Q+ Bxb8 36. h4 gxh4 37. gxh4 Ke7 38. h5 Be6 39. h6 Bg8 40. Rc1
Bh7 41. Rc8 Bd6 42. b8=Q Bxb8 43. Rxb8 Kf6 44. Rb6+ Kg5 45. Kf2 Bg6 46. Rxg6+
Kxg6 47. Kg3 Kxh6 48. Kf4 Kg6 49. Ke5 Kg5 50. Kxd5 Kf5 51. g3 Kg4 52. Kxe4 1-0

[Event "7. Lichtenberger Sommer"]
[Site "Berlin"]
[Date "2008.08.19"]
[Round "4.66"]
[White "Mohr, Horst"]
[Black "Getzuhn, Detlef"]
[Result "0-1"]
[WhiteElo "1538"]
[BlackElo "1979"]
[PlyCount "68"]
[EventDate "2008.??.??"]
[WhiteTeam "SC Caissa Falkensee e.V."]
[BlackTeam "SV Senat"]

1. d4 d5 2. Nf3 g6 3. Bf4 Bg7 4. e3 Nf6 5. Be2 O-O 6. O-O Nbd7 7. Nbd2 Nh5 8.
Bg5 h6 9. Bh4 c5 10. c4 cxd4 11. exd4 Nhf6 12. Rc1 dxc4 13. Nxc4 b5 14. Nce5 a6
15. Nc6 Qe8 16. d5 Bb7 17. Qb3 Nb6 18. Bxf6 Bxf6 19. Rfd1 e6 20. dxe6 Bxc6 21.
exf7+ Rxf7 22. Rd6 Bd5 23. Bxb5 axb5 24. Rxd5 Nxd5 25. Qxd5 Rd8 26. Qb3 Kg7 27.
h4 h5 28. Rc5 b4 29. Rc4 Rb8 30. g4 hxg4 31. Rxg4 Qc8 32. Nh2 Be5 33. Rg2 Qf5
34. Ng4 Qb1+ 0-1

[Event "7. Lichtenberger Sommer"]
[Site "Berlin"]
[Date "2008.08.19"]
[Round "4.67"]
[White "Knauft, Marcel"]
[Black "Albinus, Guenter"]
[Result "0-1"]
[WhiteElo "1571"]
[BlackElo "1920"]
[PlyCount "82"]
[EventDate "2008.??.??"]
[WhiteTeam "SK 1929 Mainaschaff"]
[BlackTeam "SG Weißensee 49 e.V."]

1. e4 c5 2. Nf3 Nc6 3. d4 cxd4 4. Nxd4 Nf6 5. Nc3 d6 6. f3 a6 7. Be3 e6 8. a3
Be7 9. Bc4 Bd7 10. Qd2 O-O 11. O-O-O Rc8 12. h4 Na5 13. Ba2 Nc4 14. Bxc4 Rxc4
15. g4 Qa5 16. Qd3 Rfc8 17. Bd2 Qc7 18. Kb1 b5 19. Rc1 Qb7 20. Nb3 Qc7 21. Rhe1
a5 22. Na2 Ra8 23. Red1 d5 24. exd5 Nxd5 25. Nd4 Qb6 26. Ne2 Rac8 27. g5 b4 28.
a4 R4c7 29. b3 Nc3+ 30. Bxc3 bxc3 31. Naxc3 Ba3 32. h5 Bxc1 33. Rxc1 Qb4 34.
Kb2 Qf8 35. Rg1 Bc6 36. Nd4 Rd7 37. Qe3 Qc5 38. Rd1 Rcd8 39. Kc1 Rxd4 40. Rxd4
Qxd4 41. Qe1 Bxf3 0-1

[Event "7. Lichtenberger Sommer"]
[Site "Berlin"]
[Date "2008.08.19"]
[Round "4.68"]
[White "Voelker, Thomas"]
[Black "Reinacher, Detlev"]
[Result "1-0"]
[WhiteElo "1766"]
[BlackElo "1558"]
[PlyCount "99"]
[EventDate "2008.??.??"]
[WhiteTeam "SF Friedrichshagen"]
[BlackTeam "Schachclub Hansa Dortmund e.V."]

1. Nf3 d5 2. b3 e6 3. e3 Nf6 4. Bb2 c5 5. c4 Nc6 6. d4 cxd4 7. exd4 Bb4+ 8.
Nbd2 Ne4 9. a3 Nxd2 10. Nxd2 Bd6 11. c5 Bc7 12. Nf3 O-O 13. Bd3 Re8 14. O-O e5
15. dxe5 Nxe5 16. Nxe5 Bxe5 17. Bxe5 Rxe5 18. Qc2 h6 19. Rae1 Rxe1 20. Rxe1 Bd7
21. b4 Qf6 22. Qd2 g5 23. Bf1 Be6 24. g3 Rd8 25. Bg2 Qe7 26. f4 Qf6 27. fxg5
Qxg5 28. Qxg5+ hxg5 29. h3 Kg7 30. g4 a6 31. Kf2 Kf6 32. Re2 a5 33. b5 Rc8 34.
Rc2 b6 35. c6 Rc7 36. Re2 d4 37. Re4 d3 38. Rd4 Re7 39. Bf1 d2 40. Rxd2 a4 41.
Rd8 Bb3 42. Rb8 Re5 43. Rxb6 Rc5 44. c7+ Ke7 45. Rc6 Rxc6 46. bxc6 Be6 47. Ba6
Kd6 48. c8=Q Bxc8 49. Bxc8 Kxc6 50. Ke3 1-0

[Event "7. Lichtenberger Sommer"]
[Site "Berlin"]
[Date "2008.08.19"]
[Round "4.69"]
[White "Radjenovic, Branko"]
[Black "Wuersig, Mathias"]
[Result "1-0"]
[WhiteElo "1903"]
[BlackElo "1487"]
[PlyCount "117"]
[EventDate "2008.??.??"]
[WhiteTeam "SK Aleksandar Matanovic"]
[BlackTeam "SV Blau-Gelb 1899 Hosena e.V."]

1. d4 d6 2. c4 Nf6 3. Nc3 g6 4. e4 Bg7 5. Nf3 O-O 6. Be2 Nbd7 7. O-O c5 8. d5
Nb6 9. Rb1 a5 10. Bg5 Rb8 11. Qd2 Na8 12. Nb5 Nxe4 13. Qe3 Nf6 14. Rfe1 Bf5 15.
Bd3 Bxd3 16. Qxd3 Nc7 17. Nc3 Qd7 18. a4 e6 19. dxe6 Nxe6 20. Bh4 Rfe8 21. Nb5
Nf4 22. Qxd6 Qxd6 23. Nxd6 Rxe1+ 24. Nxe1 b6 25. Bg5 Ne2+ 26. Kf1 Nd4 27. Nd3
Ng4 28. h3 Ne5 29. Nxe5 Bxe5 30. Ne4 f5 31. Nf6+ Bxf6 32. Bxf6 Kf7 33. Bxd4
cxd4 34. Ke2 Rd8 35. Kd3 Kf6 36. Re1 h5 37. h4 Rd6 38. Re8 Kf7 39. Re5 Kf6 40.
Rb5 f4 41. Rd5 Rxd5 42. cxd5 Ke5 43. d6 Kxd6 44. Kxd4 Kc6 45. Kc4 Kc7 46. Kd5
Kd7 47. Ke5 Kc6 48. Kxf4 Kc5 49. Kg5 Kb4 50. Kxg6 Kxa4 51. f4 Kb3 52. f5 a4 53.
f6 Kxb2 54. f7 a3 55. f8=Q a2 56. Qb4+ Kc2 57. Qa3 Kb1 58. Qb3+ Ka1 59. Qc2 1-0

[Event "7. Lichtenberger Sommer"]
[Site "Berlin"]
[Date "2008.08.19"]
[Round "4.71"]
[White "Wendland, Frank"]
[Black "Winz, Michael"]
[Result "1/2-1/2"]
[WhiteElo "1736"]
[BlackElo "1711"]
[PlyCount "55"]
[EventDate "2008.??.??"]
[WhiteTeam "Treptower SV 1949 e.V."]
[BlackTeam "SC Friesen Lichtenberg e.V."]

1. e4 e5 2. Nf3 Nc6 3. Bc4 d6 4. d4 exd4 5. Nxd4 Nxd4 6. Qxd4 Nf6 7. Nc3 Be7 8.
O-O O-O 9. Be3 Be6 10. Nd5 Nxd5 11. exd5 Bf6 12. Qd2 Bd7 13. Bd4 Re8 14. Rfe1
Bxd4 15. Qxd4 Qg5 16. g3 Bh3 17. f4 Qf5 18. Bd3 Qd7 19. Kf2 Bf5 20. c4 Bxd3 21.
Qxd3 Qh3 22. Kg1 h5 23. Re3 Qd7 24. Rae1 Rxe3 25. Rxe3 Re8 26. Qe2 Rxe3 27.
Qxe3 b6 28. b3 1/2-1/2

[Event "7. Lichtenberger Sommer"]
[Site "Berlin"]
[Date "2008.08.19"]
[Round "4.72"]
[White "Jansen, Robert"]
[Black "Casny, Guenter"]
[Result "0-1"]
[WhiteElo "1274"]
[BlackElo "1903"]
[PlyCount "52"]
[EventDate "2008.??.??"]
[WhiteTeam "SK Gilette"]
[BlackTeam "SC Rochade e.V."]

1. d4 Nf6 2. c4 e6 3. Nc3 Bb4 4. a3 Bxc3+ 5. bxc3 d5 6. e3 O-O 7. Nf3 Nbd7 8.
h3 c6 9. Bd3 Qc7 10. O-O Re8 11. Nh2 e5 12. dxe5 Nxe5 13. f4 Nxc4 14. Rf3 Nd6
15. g4 Nde4 16. Qe1 Bd7 17. g5 Nh5 18. Ng4 f5 19. Ne5 g6 20. h4 Rad8 21. c4 Be6
22. Bb2 dxc4 23. Bxc4 Bxc4 24. Nxc4 Rd5 25. Qe2 b5 26. Ne5 Rd2 0-1

[Event "7. Lichtenberger Sommer"]
[Site "Berlin"]
[Date "2008.08.19"]
[Round "4.73"]
[White "Zschaebitz, Klaus"]
[Black "Muehlhan, Klaus"]
[Result "1-0"]
[WhiteElo "2103"]
[BlackElo "2006"]
[PlyCount "56"]
[EventDate "2008.??.??"]
[WhiteTeam "BSG 1827 Eckbauer e.V."]
[BlackTeam "SC Empor Potsdam 1952 e.V."]

1. d4 Nf6 2. Nf3 c5 3. e3 e6 4. Bd3 d5 5. b3 b6 6. O-O Bd6 7. Bb2 O-O 8. Nbd2
Bb7 9. Qe2 Nc6 10. e4 dxe4 11. Nxe4 Nxe4 12. Qxe4 g6 13. dxc5 Bxc5 14. Qf4 Bd6
15. Qh6 f6 16. Rfe1 Ne5 17. Nxe5 fxe5 18. Bxg6 Qe7 19. Bxe5 Bxe5 20. Rxe5 hxg6
21. Qxg6+ Qg7 22. Qxe6+ Rf7 23. g3 Rd8 24. Rae1 Rd2 25. Rf5 Rd8 26. Qc4 Rd6 27.
h4 Kf8 28. Qf4 Rff6 1-0

[Event "7. Lichtenberger Sommer"]
[Site "Berlin"]
[Date "2008.08.19"]
[Round "4.74"]
[White "Mahler, Sonja"]
[Black "Fuchs, Joerg"]
[Result "0-1"]
[WhiteElo "1496"]
[BlackElo "1914"]
[PlyCount "48"]
[EventDate "2008.??.??"]
[WhiteTeam "SC Kreuzberg e.V."]
[BlackTeam "SC Kreuzberg e.V."]

1. d4 e6 2. Bf4 f5 3. e3 Nf6 4. Bd3 Be7 5. Nd2 O-O 6. c3 d6 7. Rc1 Qe8 8. Qb3
Nc6 9. Bxf5 Qf7 10. Bd3 Nh5 11. Ne2 g5 12. g3 gxf4 13. gxf4 Kh8 14. Ng3 Rg8 15.
Ke2 a6 16. Bb1 b5 17. Qc2 Bb7 18. Nf3 Raf8 19. Rcd1 Rg7 20. a3 Na5 21. b4 Nc4
22. a4 Nxf4+ 23. exf4 Qxf4 24. Kf1 Bxf3 0-1

[Event "7. Lichtenberger Sommer"]
[Site "Berlin"]
[Date "2008.08.19"]
[Round "4.75"]
[White "Kapp, Frank"]
[Black "Pozzo, Dominic"]
[Result "1-0"]
[WhiteElo "1748"]
[BlackElo "1248"]
[PlyCount "67"]
[EventDate "2008.??.??"]
[WhiteTeam "TSV IFA Chemnitz"]
[BlackTeam "Richmond Juniors"]

1. d4 d5 2. c4 e6 3. Nc3 Nf6 4. Bf4 c6 5. e3 Nbd7 6. Nf3 Qa5 7. Nd2 Bb4 8. Qc2
O-O 9. a3 Be7 10. Bd3 Qd8 11. h4 Ne4 12. Ndxe4 dxe4 13. Bxe4 f5 14. Bd3 Bxh4
15. O-O-O Bg5 16. Bxg5 Qxg5 17. f4 Qe7 18. g4 b5 19. c5 b4 20. axb4 a5 21. bxa5
Rxa5 22. gxf5 exf5 23. Rh3 Nb8 24. Rdh1 Na6 25. Kd2 Nb4 26. Qb3+ Nd5 27. Nxd5
cxd5 28. Rxh7 Be6 29. Qc2 Kf7 30. Bxf5 Bxf5 31. Qxf5+ Ke8 32. Qc8+ Kf7 33. Qf5+
Ke8 34. Rh8 1-0

[Event "7. Lichtenberger Sommer"]
[Site "Berlin"]
[Date "2008.08.19"]
[Round "4.76"]
[White "Wirp, Hans-Werner"]
[Black "Pixa, Richard"]
[Result "1-0"]
[WhiteElo "1709"]
[BlackElo "1381"]
[PlyCount "53"]
[EventDate "2008.??.??"]
[WhiteTeam "SK Oschersleben 1948"]
[BlackTeam "Treptower SV 1949 e.V."]

1. d4 d5 2. e4 dxe4 3. Nc3 Nf6 4. f3 exf3 5. Nxf3 Bf5 6. Bc4 e6 7. O-O Be7 8.
Be3 O-O 9. d5 exd5 10. Nxd5 Nxd5 11. Bxd5 c6 12. Bb3 Qxd1 13. Raxd1 Nd7 14. Ng5
Bxg5 15. Bxg5 Bg4 16. Rd4 Ne5 17. Re4 Rae8 18. Rfe1 h6 19. Bf4 Nf3+ 20. gxf3
Rxe4 21. fxe4 Rd8 22. Kf2 g5 23. Be5 Re8 24. Bf6 Kh7 25. e5 Kg6 26. c3 Bf5 27.
Rd1 1-0

[Event "7. Lichtenberger Sommer"]
[Site "Berlin"]
[Date "2008.08.19"]
[Round "4.77"]
[White "Wierzbicki, Jirawat"]
[Black "Bockelmann, Rolf"]
[Result "0-1"]
[WhiteElo "734"]
[BlackElo "1796"]
[PlyCount "56"]
[EventDate "2008.??.??"]
[WhiteTeam "Schachpinguine Berlin"]
[BlackTeam "SG Lasker Steglitz-Wilmersdorf"]

1. e4 e5 2. Nf3 Nc6 3. Bb5 f5 4. d3 fxe4 5. dxe4 d6 6. O-O Bg4 7. Nc3 Nf6 8.
Bg5 Be7 9. Bxf6 Bxf6 10. Bxc6+ bxc6 11. Qe2 O-O 12. Rad1 Qe8 13. Rfe1 Be7 14.
h3 Bxf3 15. gxf3 Qh5 16. Kg2 Rf6 17. Rd2 Raf8 18. Rd3 Rg6+ 19. Kh2 Qg5 20. Qf1
Qf4+ 21. Kh1 Rff6 22. Red1 Rg5 23. R1d2 Rh6 24. Ne2 Qf7 25. Nc3 Rgh5 26. b3
Rxh3+ 27. Kg1 Qg6+ 28. Qg2 Rh1# 0-1

[Event "7. Lichtenberger Sommer"]
[Site "Berlin"]
[Date "2008.08.19"]
[Round "4.78"]
[White "Krusemark, Gerhard"]
[Black "Kitzler, Gerhard"]
[Result "1-0"]
[WhiteElo "1705"]
[BlackElo "1059"]
[PlyCount "79"]
[EventDate "2008.??.??"]
[WhiteTeam "TSG Rot-Weiß Fredersdorf/Vogelsd"]
[BlackTeam "SK 1858 Gießen"]

1. e4 c5 2. f4 e5 3. fxe5 Qh4+ 4. Ke2 Qxe4+ 5. Kf2 Qd4+ 6. Ke1 Qh4+ 7. Ke2 d6
8. Nf3 Bg4 9. d3 dxe5 10. Be3 Nf6 11. Nbd2 Be7 12. Qe1 Qh5 13. g3 Nc6 14. Bg2
Nd5 15. Kf2 Qf5 16. Rf1 O-O 17. Kg1 Qd7 18. Bf2 Qe6 19. Ne4 Bxf3 20. Bxf3 b6
21. Qe2 Nd4 22. Bxd4 cxd4 23. Rfe1 Rfe8 24. Nf2 Bg5 25. Rad1 Ne3 26. Rb1 Rac8
27. c4 Rc7 28. Ne4 Bf6 29. Rbc1 Be7 30. a3 f5 31. Nf2 Bd6 32. Nd1 Nxd1 33. Bd5
Qxd5 34. cxd5 Rxc1 35. Qd2 Rcc8 36. Qg5 g6 37. Qf6 Bb8 38. d6 Rf8 39. Qxe5 Rfe8
40. Qxe8+ 1-0

[Event "7. Lichtenberger Sommer"]
[Site "Berlin"]
[Date "2008.08.19"]
[Round "4.80"]
[White "Udet, Fabian"]
[Black "Hantusch, Ralf"]
[Result "0-1"]
[WhiteElo "1560"]
[BlackElo "1805"]
[PlyCount "86"]
[EventDate "2008.??.??"]
[WhiteTeam "1. Schachclub Anhalt"]
[BlackTeam "SV Bau-Union e.V."]

1. e4 e6 2. d4 d5 3. Nc3 Nf6 4. Bg5 dxe4 5. Nxe4 Nbd7 6. Nf3 Be7 7. Nxf6+ Nxf6
8. Bd3 O-O 9. O-O b6 10. Bxf6 Bxf6 11. Be4 Rb8 12. Qd3 g6 13. Rad1 Qd6 14. c3
Bb7 15. Bxb7 Rxb7 16. Rfe1 c6 17. Ne5 Rc7 18. Qg3 Bg7 19. f4 Rd8 20. Rd2 Qe7
21. Red1 Bxe5 22. fxe5 Rcd7 23. Qf3 c5 24. d5 Rxd5 25. Rxd5 Rxd5 26. Rxd5 exd5
27. Qxd5 Kg7 28. Qe4 Qe6 29. b3 a6 30. Kf2 b5 31. Ke2 f6 32. exf6+ Kxf6 33. Kf3
h6 34. g4 Qd6 35. Qf4+ Qxf4+ 36. Kxf4 Ke6 37. Ke4 Kd6 38. h4 Ke6 39. a4 c4 40.
bxc4 bxa4 41. c5 a3 42. c6 a2 43. c7 Kd7 0-1